Komentár k zákonu NR SR č. 281/2002 Z.z. o prídavku na dieťa a o príspevku k prídavku na dieťa

Komentár k zákonu NR SR č. 281/2002 Z.z. o prídavku na dieťa a o príspevku k prídavku na dieťa. Prvá časť - prídavok na dieťa. Druhá časť - príspevok k prídavku na dieťa. Príklady.

Guardado en:
Detalles Bibliográficos
Autor principal: Heseková, Eva
Otros Autores: Nováček, Zdenko
Formato: Capítulo de libro
Lenguaje:eslovaco
Materias:
Etiquetas: Agregar Etiqueta
Sin Etiquetas, Sea el primero en etiquetar este registro!

MARC

LEADER 00000naa a2200000 4500
001 r046531
005 20230807083812.4
041 0 |a slo 
044 |a SK 
245 1 0 |a Komentár k zákonu NR SR č. 281/2002 Z.z. o prídavku na dieťa a o príspevku k prídavku na dieťa  |c Eva Heseková, Zdenko Nováček 
520 |a Komentár k zákonu NR SR č. 281/2002 Z.z. o prídavku na dieťa a o príspevku k prídavku na dieťa. Prvá časť - prídavok na dieťa. Druhá časť - príspevok k prídavku na dieťa. Príklady. 
610 2 0 |a prídavky na deti 
610 2 0 |a príspevky sociálne 
610 2 0 |a zákony 
610 2 0 |a komentáre 
610 2 0 |a Slovensko 
100 1 |a Heseková, Eva 
700 1 |a Nováček, Zdenko